Names That Are English Words #3 - Statistics

General Stats
  • This quiz has been taken 125 times
    101 since last reset
  • The average score is 22 of 61
Answer Stats
Peak year Peak rank Hint Answer % Correct
2005 140 Season Summer
93%
2019 327 Season Winter
91%
2019 167 Month August
88%
2013 64 Season Autumn
87%
2017 436 Time of day Eve
87%
2000 915 Time of day Dawn
83%
2019 911 Group of trees Forest
73%
2000 801 Dude Guy
73%
2019 115 Plant Rose
70%
2019 132 Boyfriend Beau
67%
2019 565 Pal Bo
65%
2019 68 Plant Ivy
63%
2019 46 Tree Willow
63%
2019 129 Plant Iris
61%
2011 15 Plant Lily
60%
2000 125 Heath Heather
57%
2017 807 Beautiful Belle
55%
2003 136 Plant Daisy
55%
2019 226 Geography Atlas
54%
2001 302 Regular fellow Joe
54%
2018 172 Academic Dean
51%
2019 36 Plant Violet
50%
2019 936 Generic term Flora
46%
2005 609 Younger Junior
46%
2000 189 Plant Holly
39%
2001 25 Shrub Jasmine
39%
2010 75 Ancient Cooper
38%
2019 495 Plant Poppy
38%
2002 402 Legal Justice
35%
2018 30 Ancient Carter
30%
2019 195 Shrub/tree Juniper
30%
2012 2 Industrial Mason
30%
2015 72 Service Parker
26%
2000 93 Ancient Tanner
24%
2019 471 Ancient Baker
22%
2019 242 Handsome Adonis
21%
2019 207 Ancient Archer
21%
2000 35 Ancient Hunter
20%
2014 317 Plant Reed
20%
2018 605 Ancient Fletcher
18%
2019 118 Tree Rowan
18%
2000 174 Ancient Chandler
17%
2019 33 Shrub Hazel
16%
2016 80 Industrial Piper
16%
2000 304 Peasant Carl
12%
2000 564 Shrub Laurel
12%
2019 767 Ancient Miller
12%
2019 73 Narrative Roman
12%
2017 763 Ancient Fisher
11%
2014 368 Service Porter
10%
2019 644 Youngster Sonny
10%
2000 552 Tree Ebony
9%
2019 150 Fiction Legend
7%
2001 839 Industrial Turner
7%
2019 58 Independent Maverick
6%
2015 94 Industrial Sawyer
6%
2019 799 Ancient Thatcher
6%
2019 487 Handsome Apollo
5%
2014 355 Shrub Daphne
4%
2019 629 Ancient Shepherd
2%
2018 982 Newly married Benedict
0%
No matching quizzes found
Score Distribution
Percent of People with Each Score
Percentile by Number Answered
Your Score History
You have not taken this quiz since the last reset